Movies Quiz

Random Movies or Show Quiz

Every TV Show/Movie Emma Watson is/will be in! Quiz Stats

 Plays Quiz not verified by Sporcle

Challenge
Share
Tweet
Embed
Score 0/21 Timer 05:00
0 Plays Today
Year Movie % Correct
2002Harry Potter and the Chamber of Secrets
80%
2017Beauty and the Beast
80%
2012The Perks of Being a Wallflower
76.7%
2010Harry Potter and the Deathly Hallows: Part 1
76.7%
2009Harry Potter and the Half-Blood Prince
76.7%
2001Harry Potter and the Sorcerer's Stone
76.7%
2005Harry Potter and the Goblet of Fire
73.3%
2004Harry Potter and the Prisoner of Azkaban
73.3%
2011Harry Potter and the Deathly Hallows: Part 2
70%
2007Harry Potter and the Order of the Phoenix
70%
2007Ballet Shoes
63.3%
Year Movie % Correct
2014Noah
60%
2013The Bling Ring
60%
2015Regression
56.7%
2013This Is the End
50%
2011My Week with Marilyn
50%
2016The Circle
43.3%
2008The Tale of Despereaux
43.3%
2015The Colony
33.3%
2010Harry Potter and the Forbidden Journey
20%
2015The Vicar of Dibley
3.3%

You're not logged in!

Compare scores with friends on all Sporcle quizzes.
Join for Free
OR
Log In

You Might Also Like...

Show Comments

Extras

Created Sep 17, 2016ReportNominate
Tags:Show Quiz, TV Show Quiz, emma, watson

Top Quizzes Today


Score Distribution

Your Account Isn't Verified!

In order to create a playlist on Sporcle, you need to verify the email address you used during registration. Go to your Sporcle Settings to finish the process.

Report this User

Report this user for behavior that violates our Community Guidelines.

Details: